Normal view
MARC view
- Kothari,D.P
Entry Personal Name
001 - CONTROL NUMBER
- control field: 359
003 - CONTROL NUMBER IDENTIFIER
- control field: OSt
005 - DATE AND TIME OF LATEST TRANSACTION
- control field: 20160610121942.0
008 - FIXED-LENGTH DATA ELEMENTS
- fixed length control field: 160610|| aca||aabn | a|a d
040 ## - CATALOGING SOURCE
- Original cataloging agency: OSt
- Transcribing agency: OSt
100 ## - HEADING--PERSONAL NAME
- Personal name: Kothari,D.P
670 ## - SOURCE DATA FOUND
- Source citation: Work cat.: (OSt): Kothari,D.P Umashankar,S., Wind Energy Systems And Applications, 2014
